LEADER 01266naa a2200265 u 4500 001 000000093039 003 CaOOAMICUS 005 20070226130131.0 008 960109n nyua u000 u ita u 035 $a10702990 040 $aISV$bita 245 00$aArte moderna da "Fauvisme" all'espressionismo astratto /$ca cura e con introduzione di David Sylvester. 260 $aNew York ;$aMontreal :$bGrolier,$c[s.d.] 300 $a288 p. :$bill. (some col.) ;$c25 cm 500 $aVol. 8 of Il Libro d'arte. 650 0$aFavism.$2//eng$0(OLS)http://pul/subject/29959 650 0$aArt, Abstract.$2//eng$0(OLS)http://pul/subject/29960 650 0$aArtists$xBiography.$2//eng$0(OLS)http://pul/subject/29962 650 0$aArt, Modern$y20th century.$2//eng$0(OLS)http://pul/subject/29958 650 0$aExpressionism (Art).$2//eng$0(OLS)http://pul/subject/29961 650 0$aModernism (Art).$2//eng$0(OLS)http://pul/subject/29963 700 1 $aSylvester, David.$0(OLS)http://pul/name/59904 773 0 $tIl libro d'arte : una enciclopedia illustrata di pittura, disegno e scultura$w()17993 996 $6245$aArte moderna da "Fauvisme" all'espressionismo astratto$9(OLS)http://pul/title/119898 996 $6260$aNew York ;$aMontreal :$bGrolier$9(OLS)http://pul/publisher/79158 LEADER 01338nam a2200289 u 4500 001 000000090077 003 CaOOAMICUS 005 20070226124702.0 008 051205s1985 it u000 u ita u 035 $a11071441 040 $aPUL(R)$bita 041 1 $aita$heng 100 1 $aWilber, Ken.$0(OLS)http://pul/name/58295 240 10$aNo boundary : Eastern and Western approches to personal growth.$lItaliano.$0(OLS)http://pul/title/116346 245 10$aOltre i confini :$bla dimensione transpersonale in psicologia /$cKen Wilber ; presentazione all'ed. italiana di Laura Boggio Gilot. Hostie. 260 $aAssisi :$bCittadella,$cc1985. 300 $a180 p. ;$c21 cm 490 1 $aPsicologia/Strumenti. 650 4$aCoscienza.$0(OLS)http://pul/subject/5039 650 4$aPsicologia e filosofia.$0(OLS)http://pul/subject/10167 700 1 $aBoggio Gilot, Laura.$0(OLS)http://pul/name/58296 830 0$aPsicologia/Strumenti (Cittadella).$0(OLS)http://pul/title/116348 850 $aPUL 852 $aPUL$W1$xDP1 Fondo Pastorale$y55$mP17 E 54$j113752$nBK-PRI$b $qFondi$B113752$CPULBib$Z2$F113752 $HPUL67033 $81 941 1 $a1 996 $6245$aOltre i confini :$bla dimensione transpersonale in psicologia$9(OLS)http://pul/title/116347 996 $6260$aAssisi :$bCittadella$9(OLS)http://pul/publisher/49668